"Blue" Marvel Characters by Picture - Statistics

General Stats
  • This quiz has been taken 23 times
  • The average score is 4 of 12
Answer Stats
Picture Answer % Correct
Blue Marvel
90%
Blue Bullet
62%
Bluebird
43%
Blue Diamond
33%
Bluestreak
29%
Blue Streak
29%
Blue Eagle
24%
Blue Eagle
24%
Blue Shield
14%
Blue Blade
5%
Blue Blaze
5%
Blue Wail
5%
No matching quizzes found
Score Distribution
Percent of People with Each Score
Percentile by Number Answered
Your Score History
You have not taken this quiz